Previous Club -- Bayern Munchen Players - Statistics

General Stats
  • This quiz has been taken 38 times
  • The average score is 17 of 20
Answer Stats
Hint Answer % Correct
Luis Diaz Liverpool
100%
Harry Kane Tottenham Hotspur
100%
Nicolas Jackson Chelsea
97%
Michael Olise Crystal Palace
97%
Jonathan Tah Bayer 04 Leverkusen
94%
Raphael Guerreiro Borussia Dortmund
94%
Konrad Laimer RB Leipzig
94%
Manuel Neuer FC Schalke 04
91%
Kim Min-jae Napoli
91%
Dayot Upamecano RB Leipzig
88%
Leon Goretzka FC Schalke 04
85%
Joshua Kimmich VfB Stuttgart
79%
Hiroki Ito VfB Stuttgart
79%
Sacha Boey Galatasaray
76%
Tom Bischof TSG Hoffenheim
76%
Alphonso Davies Vancouver Whitecaps
76%
Josip Stanisic Bayer 04 Leverkusen
68%
Jonas Urbig 1. FC Köln
62%
Sven Ulreich Hamburger SV
62%
Serge Gnabry TSG Hoffenheim
62%
No matching quizzes found
Score Distribution
Percent of People with Each Score
Percentile by Number Answered
Your Score History
You have not taken this quiz